| 000 | 00450nam a22001697a 4500 | ||
|---|---|---|---|
| 003 | NUST-PNEC | ||
| 005 | 20170116181104.0 | ||
| 008 | 140927b xxu||||| |||| 00| 0 eng d | ||
| 040 | _cLIBRARY | ||
| 082 | _a915.4 RAF | ||
| 100 |
_9381 _aRafique, Akhtar |
||
| 245 |
_aPakistan year book 1994-95/ _cRafique Akhtar |
||
| 250 | _a22nd ed. | ||
| 260 |
_aKarachi _bEast & West Publishing Company, Karachi _cc1995. |
||
| 650 | _xGeneral | ||
| 942 |
_2ddc _cBK |
||
| 999 |
_c68886 _d68886 |
||